Statistics for Don't want to go to school tantrum lyrics

Click here to take the quiz!

General Stats

  • This quiz has been taken 2 times
  • The average score is 78 of 115

Answer Stats

Answer% Correct
do
100%
dont
100%
don't
100%
go
100%
i
100%
no
100%
not
100%
school
100%
to
100%
want
100%
we
100%
you
100%
You
100%
about
50%
anything
50%
away
50%
can
50%
can't
50%
care
50%
dad
50%
Excuse
50%
Gimme
50%
going
50%
have
50%
if
50%
I'm
50%
i'm
50%
iPod
50%
IPod
50%
it
50%
language
50%
like
50%
me
50%
my
50%
nothing
50%
Now
50%
OK
50%
on
50%
or
50%
out
50%
power
50%
put
50%
see
50%
shall
50%
skivvy
50%
take
50%
taking
50%
talk
50%
this
50%
Tv
50%
We're
50%
your
50%
am
0%
are
0%
clothes
0%
in
0%
there
0%
Yes
0%

Score Distribution

Percentile by Number Answered

Percent of People with Each Score

Your Score History

You have not taken this quiz